| 000 | 00511nam a2200169 i 4500 | ||
|---|---|---|---|
| 001 | 46089 | ||
| 003 | ES-MaACL | ||
| 005 | 20230906161328.0 | ||
| 007 | t| | ||
| 008 | 030327s1953 sp ||||1| spa d | ||
| 100 | 1 |
_aConcha, Carlos de la. _940072 |
|
| 245 | 1 | 0 |
_aCuentos perreros / _cCarlos de la Concha ; ilustraciones Elías Díaz. |
| 260 |
_aGijón : _b[s.n.], _c19536 ( _fTip. La industria) |
||
| 300 |
_a125 p. : _bil. ; _c23 cm. |
||
| 700 | 1 |
_aDíaz, Elías. _944117 |
|
| 852 |
_aES-MaACL _jC-7795 _bR.35095 |
||
| 999 |
_c46089 _d46089 |
||